| 000 | 00502cam a2200181 a 4500 | ||
|---|---|---|---|
| 001 | 1932990 | ||
| 005 | 20241114131053.0 | ||
| 008 | 860827s1986 oru b 000 0 eng | ||
| 020 |
_a0880701048 : _c$8.95 |
||
| 050 | 0 | 0 |
_aBS1192.6 _b.B29 1986 |
| 082 | 0 | 0 |
_a231 _219 |
| 100 | 1 | _aBaker, Don. | |
| 245 | 1 | 2 |
_aA fresh new look at God / _cDon Baker. |
| 260 |
_aPortland, Oregon, USA. _bMultnomah Press, _cc1986. |
||
| 300 |
_a164 pages. ; _c22 cm. |
||
| 650 | 0 |
_aGod _xBiblical teaching. |
|
| 942 |
_2lcc _cBK _n0 |
||
| 999 |
_c1191 _d1191 |
||